|
|
|
|
| LEADER |
00000nam a2200000 a 4500 |
| 003 |
Ucuenca |
| 005 |
20230308190516.0 |
| 008 |
016010|2015 ec |||||r|||||||||||spa|| |
| 020 |
|
|
|a 9789942079053
|
| 040 |
|
|
|b spa
|
| 041 |
0 |
|
|a spa
|
| 082 |
0 |
|
|a 336.2
|
| 100 |
1 |
|
|a Paz y Miño Cepeda, Juan José.
|9 279
|
| 245 |
|
|
|a Historia de los impuestos en Ecuador: visión sobre el régimen impositivo en la historia económica nacional
|c Juan Paz y Miño Cepeda
|h imp
|
| 264 |
|
|
|a Quito
|b Servico de Rentas Internas. Pontificia Universidad Católica del Ecuador. Centro de Estudios Fiscales
|c 2015
|
| 300 |
|
|
|a 303 páginas:
|b gra
|c 20.5 cm
|
| 504 |
|
|
|a incl. ref.
|
| 520 |
3 |
|
|a El libro aporta a la historia económica y política del país, con un trabajo pionero en su clase. Trata rápidamente la época precolonial, repasa la colonia y concentra su atención esencial en la vida republicana del Ecuador durante el siglo XIX y particularmente el XX y lo que va del XXI. Tiene la ventaja de su fácil lectura, pues es una obra dirigida en especial para la consulta de jóvenes, de estudiantes y de la sociedad en general. Historia de los Impuesto en Ecuador nace para un público diverso y plural. Y contribuye decisivamente a la generación de una cultura ciudadana fiscal.
|
| 650 |
|
|
|a Finanzas publicas
|9 12258
|
| 650 |
|
|
|a Impuestos
|9 12240
|
| 852 |
|
|
|a UC-CDJBV
|f Donación
|l 1
|m General
|p 20160104
|q 3.00
|r 2
|t si10596
|b 0
|d CDRC
|e CDRC
|g 336.2 PRIMER PISO
|z 2016-60-10
|
| 852 |
|
|
|a UC-CDJBV
|f Donación
|l 2
|m General
|p 20160104
|q 3.00
|r 2
|t si10597
|b 0
|d CDRC
|e CDRC
|g 336.2 PRIMER PISO
|z 2016-60-10
|
| 856 |
|
|
|a http://sibuc.ucuenca.edu.ec/portada/si10596-cdj.jpg
|u http://the.pazymino.com/JPyM-HISTORIA_DE_LOS_IMPUESTOS_EN_ECUADOR-Quito-JunJul2015.pdf
|
| 942 |
|
|
|c BK
|
| 999 |
|
|
|c 73114
|d 73114
|